书目信息 |
| 题名: |
现代英国普通中学
|
|
| 作者: | 拉普钦斯卡娅 著 ;朱立人 , 段为 译 | |
| 分册: | ||
| 出版信息: | 北京 人民教育出版社 1980 |
|
| 页数: | 191页 | |
| 开本: | 19cm | |
| 丛书名: | ||
| 单 册: | ||
| 中图分类: | G551.2 | |
| 科图分类: | ||
| 主题词: | 中学--概况--英国--现代 , 教育事业--世界 | |
| 电子资源: | ||
| ISBN: | ||
| 000 | 00830nam0 2200265 45 | |
| 001 | 0180001321 | |
| 005 | 20051129112600.01 | |
| 010 | @dCNY0.43 | |
| 091 | @a7012.0108 | |
| 100 | @a19950817d1980 em y0chiy0121 ea | |
| 101 | 1 | @achi@crus |
| 102 | @aCN@b110000 | |
| 105 | @ay z 000yy | |
| 200 | 10 | @a现代英国普通中学@Axian dai ying guo pu tong zhong xue@f(苏)В·П·拉普钦斯卡娅著@F(su)В·П·la pu qin si ka ya zhu@g朱立人,段为译 |
| 210 | @a北京@c人民教育出版社@d1980 | |
| 215 | @a191页@d19cm | |
| 606 | @a中学@x概况@y英国@z现代 | |
| 606 | 0 | @a教育事业@x世界 |
| 690 | @aG551.2 | |
| 701 | 0 | @a拉普钦斯卡娅@Ala pu qin si ka ya@4著 |
| 702 | 0 | @a朱立人@Azhu li ren@4译 |
| 702 | 0 | @a段为@Aduan wei@4译 |
| 801 | 2 | @aCN@bNLC@c20051129 |
| 801 | 0 | @aCN@b上海图书馆@c20040425 |
| 905 | @f3@b36058-060@f1@b36056@dG551.2@e17 | |
| 现代英国普通中学/(苏)В·П·拉普钦斯卡娅著/朱立人,段为译.-北京:人民教育出版社,1980 |
| 191页;19cm |
| ISBN :CNY0.43 |
| ● |
| 相关链接 |
|
|
|
|
正题名:现代英国普通中学
索取号:G551.2/17
 
预约/预借
| 序号 | 登录号 | 条形码 | 馆藏地/架位号 | 状态 | 备注 |
| 1 | 0036056 | 000461743 | 第四借阅区/ [索取号:G551.2/17] | 在馆 | |
| 2 | 0036057 | 202154612 | 密集书库/ [索取号:G551.2/17] | 在馆 | |
| 3 | 0036058 | 000463894 | 第四借阅区/ [索取号:G551.2/17] | 在馆 | |
| 4 | 0036059 | 000463974 | 第四借阅区/ [索取号:G551.2/17] | 在馆 | |
| 5 | 0036060 | 000461690 | 第四借阅区/ [索取号:G551.2/17] | 在馆 |